Basketteurs en N et O (2000-2025) - Statistiques

Statistiques générales
  • Ce quiz a été pris 67 fois
  • Le résultat moyen est 13 sur 25
Statistiques - réponses
Par images Réponse % Correct
Shaquille O'Neal
96%
Joakim Noah
93%
Dirk Nowitzki
89%
Steve Nash
84%
Jusuf Nurkic
82%
Victor Oladipo
75%
Kelly Oubre Jr
67%
Hakeem Olajuwon
65%
Kelly Olynyk
60%
Larry Nance Jr
54%
Andrew Nembhard
53%
Nene
46%
George Niang
42%
Greg Oden
42%
Kendrick Nunn
42%
Cedi Osman
39%
Nerlens Noel
39%
Lamar Odom
37%
Aaron Nesmith
35%
Onyeka Okongwu
32%
Royce O'Neale
32%
Isaac Okoro
28%
Emeka Okafor
14%
Jameer Nelson
12%
Charles Oakley
9%
Aucun quiz correspondant
Distribution des résultats
% des personnes avec chaque résultat
Percentile par nombre de réponses
Votre historique - résultats
Vous n’avez pas pris ce quiz